[Event "Gibraltar Chess Festival 2017 - Masters"]
[Site "Gibraltar ENG"]
[Date "2017.01.31"]
[Round "8.89"]
[White "Pratyusha, Bodda"]
[Black "Behrendt, Clemens"]
[Result "1-0"]
[WhiteElo "2247"]
[BlackElo "2121"]
[PlyCount "115"]
[EventDate "2017.01.24"]
[EventType "swiss"]
[EventRounds "10"]
[EventCountry "ENG"]
[SourceTitle "Ajedrez en Madrid"]
[Source "lmi"]
[SourceDate "2017.01.24"]

1. d4 Nf6 2. c4 e6 3. Nc3 Bb4 4. Qc2 d5 5. cxd5 Nxd5 6. e4 Nb6 7. Nf3 Nc6 8. a3
Be7 9. Be3 O-O 10. Rd1 Bf6 11. Be2 a6 12. O-O Bd7 13. Rd2 Rc8 14. e5 Be7 15.
Qe4 Na5 16. Bd3 g6 17. Bh6 Bc6 18. Qf4 Nb3 19. Rdd1 Bxf3 20. Qxf3 Nxd4 21. Qxb7
Rb8 22. Qe4 c5 23. Bxa6 f5 24. exf6 Rxf6 25. Bg5 Rf5 26. Be3 e5 27. f4 Bf6 28.
g4 Rxf4 29. Bxf4 exf4 30. Qxf4 Nd7 31. Ne4 Be5 32. Bc4+ Kh8 33. Qh6 Bg7 34. Qg5
Ne5 35. Qxd8+ Rxd8 36. Ng5 Rd7 37. Nf7+ Nxf7 38. Bxf7 Be5 39. Kg2 Kg7 40. Bc4
Bf6 41. Rf2 Bh4 42. Rfd2 Bg5 43. Rd3 Re7 44. Rc3 Re4 45. h3 Bf6 46. Bd3 Re5 47.
Rc4 h5 48. b4 hxg4 49. hxg4 Rg5 50. Rxc5 Rxg4+ 51. Kh3 Rf4 52. Rf1 Ne6 53. Rc6
Kf7 54. b5 g5 55. b6 Rh4+ 56. Kg3 Nf4 57. Rxf6+ Kxf6 58. Rxf4+ 1-0

[Event "Gibraltar Chess Festival 2017 - Masters"]
[Site "Gibraltar ENG"]
[Date "2017.01.31"]
[Round "8.90"]
[White "Gluckman, Paul"]
[Black "Damia, Angelo"]
[Result "0-1"]
[WhiteElo "1831"]
[BlackElo "2233"]
[PlyCount "78"]
[EventDate "2017.01.24"]
[EventType "swiss"]
[EventRounds "10"]
[EventCountry "ENG"]
[SourceTitle "Ajedrez en Madrid"]
[Source "lmi"]
[SourceDate "2017.01.24"]

1. e4 Nc6 2. Nf3 Nf6 3. e5 Nd5 4. d4 d6 5. c4 Nb6 6. exd6 cxd6 7. Nc3 Bg4 8.
Be3 e6 9. b3 d5 10. c5 Nc8 11. Be2 g6 12. h3 Bxf3 13. Bxf3 Bg7 14. O-O Qh4 15.
Na4 O-O 16. Qd2 h6 17. Rad1 a6 18. Nc3 N8e7 19. Ne2 Nf5 20. g3 Qxh3 21. Nf4
Nfxd4 22. Bxd4 Nxd4 23. Qxd4 Qxf1+ 24. Kxf1 Bxd4 25. Nxd5 exd5 26. Rxd4 Rfd8
27. Ke2 Rac8 28. Bxd5 Re8+ 29. Kd2 Rxc5 30. Bxb7 a5 31. Bd5 Kg7 32. Bc4 h5 33.
f4 Re7 34. Rd3 h4 35. g4 g5 36. f5 Re4 37. Rd7 Rcxc4 38. bxc4 Rxc4 39. Ra7 Rxg4
0-1

[Event "Gibraltar Chess Festival 2017 - Masters"]
[Site "Gibraltar ENG"]
[Date "2017.01.31"]
[Round "8.91"]
[White "Heinemann, Josefine"]
[Black "Compton, Alistair"]
[Result "1/2-1/2"]
[WhiteElo "2227"]
[BlackElo "2094"]
[PlyCount "65"]
[EventDate "2017.01.24"]
[EventType "swiss"]
[EventRounds "10"]
[EventCountry "ENG"]
[SourceTitle "Ajedrez en Madrid"]
[Source "lmi"]
[SourceDate "2017.01.24"]

1. e4 e6 2. d4 d5 3. Nc3 Nf6 4. e5 Nfd7 5. f4 c5 6. Nf3 Nc6 7. Be3 cxd4 8. Nxd4
Bc5 9. Qd2 O-O 10. O-O-O a6 11. Qf2 Qe7 12. Kb1 Nxd4 13. Bxd4 b5 14. Bd3 Bxd4
15. Qxd4 b4 16. Ne4 a5 17. Ng5 g6 18. Qe3 Ba6 19. Qh3 f5 20. exf6 Rxf6 21. g3
Nc5 22. Bxa6 Rxa6 23. Rhe1 Rd6 24. Qg2 Qc7 25. Qd2 Rf8 26. h4 a4 27. h5 h6 28.
Nh3 gxh5 29. Re5 b3 30. cxb3 axb3 31. a3 Qh7+ 32. Ka1 Rc6 33. Re3 1/2-1/2

[Event "Gibraltar Chess Festival 2017 - Masters"]
[Site "Gibraltar ENG"]
[Date "2017.01.31"]
[Round "8.94"]
[White "Slinger, Tony J"]
[Black "Verneuil, Pascal"]
[Result "0-1"]
[WhiteElo "1911"]
[BlackElo "2215"]
[PlyCount "122"]
[EventDate "2017.01.24"]
[EventType "swiss"]
[EventRounds "10"]
[EventCountry "ENG"]
[SourceTitle "Ajedrez en Madrid"]
[Source "lmi"]
[SourceDate "2017.01.24"]

1. e4 c5 2. Nc3 Nc6 3. Nge2 g6 4. g3 Bg7 5. Bg2 Rb8 6. O-O b5 7. d3 b4 8. Nd5
e6 9. Ne3 Nge7 10. f4 f5 11. e5 d5 12. c4 bxc3 13. bxc3 O-O 14. Nc2 Ba6 15. h3
Qa5 16. Kh2 Rb7 17. Ne1 Rfb8 18. Nf3 Bb5 19. Ng5 Nd8 20. c4 Bc6 21. g4 h6 22.
Nf3 Rd7 23. Bd2 Qa6 24. Qc1 Nb7 25. Ng3 dxc4 26. dxc4 Rbd8 27. Be3 Rd3 28. gxf5
exf5 29. Ne1 Rd1 30. Qxd1 Rxd1 31. Rxd1 Qxa2 32. Rf2 Qxc4 33. Rc2 Qb4 34. Rdc1
Nd5 35. Rc4 Qb2 36. R4c2 Qb3 37. Bxc5 Na5 38. Bxa7 Nxf4 39. Bxc6 Nxc6 40. Rxc6
Bxe5 41. Bf2 Kf7 42. R1c5 Nd5 43. Kg2 Ne7 44. Nf3 Nxc6 45. Nxe5+ Nxe5 46. Rxe5
Qb7+ 47. Kg1 Qf3 48. Re3 Qd5 49. Nf1 f4 50. Ra3 g5 51. Nh2 h5 52. Nf1 g4 53.
hxg4 hxg4 54. Rc3 Kg6 55. Ra3 Qc4 56. Ra5 Qd3 57. Rc5 g3 58. Ra5 gxf2+ 59. Kxf2
Qd4+ 60. Kg2 Qb2+ 61. Kg1 Qb6+ 0-1

[Event "Gibraltar Chess Festival 2017 - Masters"]
[Site "Gibraltar ENG"]
[Date "2017.01.31"]
[Round "8.95"]
[White "Villar Reymundo, Juan Antonio"]
[Black "Gillis Onieva, Celia"]
[Result "1/2-1/2"]
[WhiteElo "2212"]
[BlackElo "1966"]
[PlyCount "129"]
[EventDate "2017.01.24"]
[EventType "swiss"]
[EventRounds "10"]
[EventCountry "ENG"]
[SourceTitle "Ajedrez en Madrid"]
[Source "lmi"]
[SourceDate "2017.01.24"]

1. d4 Nf6 2. c4 g6 3. Nc3 Bg7 4. e4 d6 5. f3 O-O 6. Bg5 c5 7. d5 e6 8. Qd2 exd5
9. cxd5 a6 10. a4 Re8 11. Nge2 Nbd7 12. Nc1 h6 13. Be3 h5 14. h3 Ne5 15. Be2
Rb8 16. O-O Nh7 17. Rb1 f5 18. b4 fxe4 19. Nxe4 cxb4 20. Qxb4 Bf5 21. Nd3 Bxe4
22. fxe4 Nxd3 23. Bxd3 Qe7 24. Ba7 Rbc8 25. e5 b5 26. Bf2 Qxe5 27. axb5 axb5
28. Bxg6 Rf8 29. Bxh7+ Kxh7 30. Qxb5 Rf5 31. Rbd1 Rcf8 32. Qd3 Kg8 33. Rfe1 Qc3
34. Bg3 Qxd3 35. Rxd3 Be5 36. Bxe5 dxe5 37. d6 Rd8 38. Rd5 h4 39. Re4 Rh5 40.
d7 Rh7 41. Rexe5 Rhxd7 42. Rg5+ Kf8 43. Rxd7 Rxd7 44. Kf2 Rh7 45. Kf3 Ke7 46.
Kg4 Kd6 47. Rh5 Rg7+ 48. Kxh4 Rxg2 49. Rf5 Ke6 50. Rf1 Rg8 51. Kh5 Rh8+ 52. Kg4
Rg8+ 53. Kh4 Ke7 54. Rf4 Rf8 55. Ra4 Kf7 56. Kg5 Kg8 57. Kg6 Rb8 58. Ra6 Kh8
59. h4 Rg8+ 60. Kh6 Rb8 61. h5 Rc8 62. Kg6 Rg8+ 63. Kf5 Rg1 64. Kf6 Kh7 65. Ra8
1/2-1/2

[Event "Gibraltar Chess Festival 2017 - Masters"]
[Site "Gibraltar ENG"]
[Date "2017.01.31"]
[Round "8.96"]
[White "Welling, Gerard"]
[Black "Roman Lopez, Jesus"]
[Result "1/2-1/2"]
[WhiteElo "2314"]
[BlackElo "1962"]
[PlyCount "96"]
[EventDate "2017.01.24"]
[EventType "swiss"]
[EventRounds "10"]
[EventCountry "ENG"]
[SourceTitle "Ajedrez en Madrid"]
[Source "lmi"]
[SourceDate "2017.01.24"]

1. d4 d5 2. e3 Nf6 3. Nf3 c5 4. c3 e6 5. Bd3 Nbd7 6. O-O b6 7. Nbd2 Bb7 8. Ne5
g6 9. f4 Bg7 10. b3 O-O 11. Bb2 Rc8 12. Qe2 Qe7 13. a4 Nxe5 14. fxe5 Nd7 15. a5
f6 16. axb6 axb6 17. exf6 Rxf6 18. e4 Rxf1+ 19. Rxf1 cxd4 20. cxd4 dxe4 21.
Nxe4 Qb4 22. Bc4 Bd5 23. Bxd5 exd5 24. Ng5 Nf8 25. Qg4 Rc2 26. Qf3 h6 27. Qxd5+
Kh8 28. Nf7+ Kh7 29. Ba1 Qd2 30. Qe4 Rc1 31. Ne5 Rd1 32. h4 Qc1 33. Qf3 Re1 34.
Qf2 Rxf1+ 35. Qxf1 Qe3+ 36. Kh2 Qxb3 37. h5 Qe3 38. Nf3 Qf4+ 39. g3 Qf5 40.
hxg6+ Nxg6 41. Qe2 b5 42. Bc3 Qb1 43. Kg2 b4 44. Qb2 Qxb2+ 45. Bxb2 Ne7 46. Kf2
Kg6 47. g4 h5 48. gxh5+ Kxh5 1/2-1/2

[Event "Gibraltar Chess Festival 2017 - Masters"]
[Site "Gibraltar ENG"]
[Date "2017.01.31"]
[Round "8.98"]
[White "Bach, Matthias"]
[Black "Hewson, Brian Wr"]
[Result "1/2-1/2"]
[WhiteElo "2264"]
[BlackElo "2055"]
[PlyCount "77"]
[EventDate "2017.01.24"]
[EventType "swiss"]
[EventRounds "10"]
[EventCountry "ENG"]
[SourceTitle "Ajedrez en Madrid"]
[Source "lmi"]
[SourceDate "2017.01.24"]

1. d4 d5 2. c4 c6 3. Nf3 Nf6 4. Nc3 e6 5. g3 Nbd7 6. Bg2 Bd6 7. Bf4 Bxf4 8.
gxf4 Nh5 9. e3 g6 10. Qb3 dxc4 11. Qxc4 Nb6 12. Qc5 Qe7 13. Ne4 Qxc5 14. dxc5
Nd5 15. Nd6+ Ke7 16. Ne5 f6 17. Nd3 Rb8 18. Bf3 Ng7 19. e4 Nc7 20. O-O-O Nb5
21. Nxb5 cxb5 22. Rd2 Bd7 23. e5 Rhc8 24. b4 f5 25. Rhd1 Rc7 26. Ne1 a5 27. Kb2
axb4 28. Nc2 Bc6 29. Bxc6 bxc6 30. Rd6 Nh5 31. Nd4 Nxf4 32. Nxc6+ Rxc6 33. Rxc6
Nd5 34. f4 Ra8 35. Rd3 Ra7 36. Rc8 Kd7 37. Rh8 Kc6 38. Rc8+ Kd7 39. Rh8 1/2-1/2

[Event "Gibraltar Chess Festival 2017 - Masters"]
[Site "Gibraltar ENG"]
[Date "2017.01.31"]
[Round "8.99"]
[White "Aroven, Mikael"]
[Black "Berrocal Ruiz, Valentin"]
[Result "1-0"]
[WhiteElo "2172"]
[BlackElo "2042"]
[PlyCount "105"]
[EventDate "2017.01.24"]
[EventType "swiss"]
[EventRounds "10"]
[EventCountry "ENG"]
[SourceTitle "Ajedrez en Madrid"]
[Source "lmi"]
[SourceDate "2017.01.24"]

1. c4 e5 2. g3 Nf6 3. Bg2 c6 4. Qa4 Na6 5. Nf3 Qc7 6. O-O Be7 7. Nc3 O-O 8. d4
d6 9. e4 Be6 10. Bg5 h6 11. Bxf6 Bxf6 12. d5 Bd7 13. Qa3 c5 14. Nd2 Rae8 15.
Ne2 Qb6 16. Qc3 Bg4 17. Bf3 Bd7 18. h4 Qd8 19. Kg2 Nc7 20. a3 Qc8 21. Rh1 Bd8
22. Rag1 b5 23. b3 a6 24. Rh2 Re7 25. Kh1 Ne8 26. g4 g6 27. Qe3 Kh7 28. Ng3 Ng7
29. Nf5 gxf5 30. exf5 f6 31. Ne4 Qc7 32. Ng5+ Kg8 33. Ne6 Nxe6 34. fxe6 Be8 35.
Be4 Rg7 36. Qxh6 bxc4 37. bxc4 Qa5 38. Qc1 Be7 39. Bf5 Qd8 40. Qh6 Qa5 41. Qc1
Qd8 42. Qc2 Qa5 43. Qd3 Qd8 44. g5 fxg5 45. hxg5 Rxf5 46. Qxf5 Bg6 47. Qh3 Rh7
48. Qxh7+ Bxh7 49. g6 Bg5 50. gxh7+ Kh8 51. Rh5 Qf6 52. Rgxg5 Qf3+ 53. Kg1 1-0

[Event "Gibraltar Chess Festival 2017 - Masters"]
[Site "Gibraltar ENG"]
[Date "2017.01.31"]
[Round "8.100"]
[White "Alberto, Manuel"]
[Black "Hamer, Martyn"]
[Result "0-1"]
[WhiteElo "2168"]
[BlackElo "2039"]
[PlyCount "162"]
[EventDate "2017.01.24"]
[EventType "swiss"]
[EventRounds "10"]
[EventCountry "ENG"]
[SourceTitle "Ajedrez en Madrid"]
[Source "lmi"]
[SourceDate "2017.01.24"]

1. e4 e6 2. d4 d5 3. Nc3 Bb4 4. e5 Ne7 5. a3 Bxc3+ 6. bxc3 c5 7. Qg4 Qc7 8. Bd2
Nbc6 9. Nf3 Nf5 10. Bd3 h5 11. Qf4 Nce7 12. O-O c4 13. Bxf5 Nxf5 14. a4 Bd7 15.
a5 O-O-O 16. Rfb1 Kb8 17. Bc1 Ka8 18. Ba3 h4 19. Bc5 Rb8 20. Rb6 Qd8 21. Qc1 g5
22. h3 Rg8 23. Nh2 a6 24. Ng4 Bc6 25. Qa3 Qc8 26. Rbb1 Qd8 27. f3 Rh8 28. Qb4
Bb5 29. Kf2 Rg8 30. Qa3 Bc6 31. Rb6 Rh8 32. Nh2 Qe8 33. Rab1 Qc8 34. Nf1 Qe8
35. R6b2 Rg8 36. Nd2 Qd7 37. Re1 Rg6 38. Qb4 Bb5 39. Nb1 Qd8 40. Na3 Bc6 41.
Rbb1 Rg8 42. Bb6 Qd7 43. Ra1 Rh8 44. Nb1 Rhg8 45. Nd2 Rh8 46. Nf1 Bb5 47. Nh2
Rhg8 48. Ng4 Rh8 49. Nf6 Qc8 50. Reb1 Qf8 51. Qb2 Bc6 52. Bc5 Qd8 53. Qc1 Rh6
54. Qxg5 Rg6 55. Qf4 Qh8 56. Ng4 Qd8 57. Rb6 Qg5 58. Qxg5 Rxg5 59. Ke2 Rbg8 60.
Rab1 Bb5 61. Kd2 Rc8 62. R1xb5 axb5 63. a6 Rc7 64. a7 Kxa7 65. Rxb5+ Kb8 66.
Kc1 Rc6 67. Bb6 Kc8 68. Bc5 Ra6 69. Kb2 Rg8 70. Bb6 Kb8 71. Ba5 Ka7 72. Bb4 b6
73. Nf6 Rd8 74. Bd6 Kb7 75. Rb4 Kc6 76. Ng4 Nxd6 77. exd6 Kxd6 78. Ne5 Rda8 79.
Nxf7+ Ke7 80. Ne5 Ra1 81. Nc6+ Kd6 0-1

[Event "Gibraltar Chess Festival 2017 - Masters"]
[Site "Gibraltar ENG"]
[Date "2017.01.31"]
[Round "8.101"]
[White "Skutta, Bernd"]
[Black "Chan, Kim Yew"]
[Result "0-1"]
[WhiteElo "1957"]
[BlackElo "2152"]
[PlyCount "106"]
[EventDate "2017.01.24"]
[EventType "swiss"]
[EventRounds "10"]
[EventCountry "ENG"]
[SourceTitle "Ajedrez en Madrid"]
[Source "lmi"]
[SourceDate "2017.01.24"]

1. d4 Nf6 2. Nf3 e6 3. Bf4 c5 4. e3 Nc6 5. c3 d5 6. Nbd2 Bd6 7. Bxd6 Qxd6 8.
dxc5 Qxc5 9. Qb3 O-O 10. Be2 e5 11. O-O Bg4 12. h3 Bh5 13. g4 Bg6 14. Nh4 Rad8
15. Nxg6 hxg6 16. Nf3 Rfe8 17. Rfd1 Rd7 18. Rac1 a6 19. a4 Red8 20. Qa2 Ne4 21.
Nd2 Ng5 22. Kg2 Qe7 23. Nf3 d4 24. Qc4 Nxf3 25. Bxf3 e4 26. Be2 dxe3 27. fxe3
Rd2 28. Rxd2 Rxd2 29. Rd1 Rxb2 30. Rf1 Ne5 31. Qc8+ Qf8 32. Qxf8+ Kxf8 33. Rf2
Rc2 34. Kg3 Rxc3 35. Kf4 Nd3+ 36. Bxd3 exd3 37. Rd2 b5 38. axb5 axb5 39. Ke4
Ke7 40. Kd4 Ra3 41. Rb2 Kf6 42. Rxb5 d2 43. g5+ Ke6 44. Rb6+ Kd7 45. Rb1 Ra6
46. Rd1 Ke6 47. Ke4 Rd6 48. h4 Rd5 49. Kf4 Kd6 50. Ke4 Kc5 51. Kf3 Kc4 52. Ke2
Kc3 53. e4 Rd4 0-1

[Event "Gibraltar Chess Festival 2017 - Masters"]
[Site "Gibraltar ENG"]
[Date "2017.01.31"]
[Round "8.102"]
[White "Whatley, Stephen A J"]
[Black "Broekman, Willem"]
[Result "1-0"]
[WhiteElo "2127"]
[BlackElo "1997"]
[PlyCount "51"]
[EventDate "2017.01.24"]
[EventType "swiss"]
[EventRounds "10"]
[EventCountry "ENG"]
[SourceTitle "Ajedrez en Madrid"]
[Source "lmi"]
[SourceDate "2017.01.24"]

1. e4 e6 2. d4 d5 3. Nc3 Bb4 4. exd5 exd5 5. Bd3 Ne7 6. Qf3 Nbc6 7. Nge2 O-O 8.
a3 Bxc3+ 9. bxc3 Ng6 10. O-O Be6 11. Ng3 Qd7 12. h3 Rfe8 13. Nh5 Qd6 14. Bg5
Qf8 15. Qg3 Rac8 16. h4 f5 17. Rfe1 Qf7 18. Rab1 Na5 19. Qh3 c6 20. Rxe6 Qxe6
21. Bxf5 Qe2 22. Ng3 Qc4 23. Bxc8 Qa2 24. Rf1 Qxc2 25. Qd7 Rf8 26. h5 1-0

[Event "Gibraltar Chess Festival 2017 - Masters"]
[Site "Gibraltar ENG"]
[Date "2017.01.31"]
[Round "8.103"]
[White "Byron, Alan M"]
[Black "Van Kemenade, Rudy"]
[Result "1-0"]
[WhiteElo "2110"]
[BlackElo "1955"]
[PlyCount "47"]
[EventDate "2017.01.24"]
[EventType "swiss"]
[EventRounds "10"]
[EventCountry "ENG"]
[SourceTitle "Ajedrez en Madrid"]
[Source "lmi"]
[SourceDate "2017.01.24"]

1. e4 e5 2. Nf3 Nf6 3. Nxe5 d6 4. Nf3 Nxe4 5. Nc3 d5 6. Qe2 Be7 7. Nxe4 dxe4 8.
Qxe4 O-O 9. Bc4 Bd6 10. O-O Re8 11. Qd3 Nc6 12. b3 Qf6 13. Bb2 Qxb2 14. Ng5 Nd8
15. Rae1 Be6 16. Qxh7+ Kf8 17. c3 Qxd2 18. Qh8+ Ke7 19. Qxg7 Qf4 20. g3 Qf5 21.
Nxe6 Kd7 22. Nxd8 Raxd8 23. Qxf7+ Qxf7 24. Bxf7 1-0

[Event "Gibraltar Chess Festival 2017 - Masters"]
[Site "Gibraltar ENG"]
[Date "2017.01.31"]
[Round "8.104"]
[White "Korning, Peter"]
[Black "Winter, Kevin"]
[Result "1-0"]
[WhiteElo "2080"]
[BlackElo "1818"]
[PlyCount "115"]
[EventDate "2017.01.24"]
[EventType "swiss"]
[EventRounds "10"]
[EventCountry "ENG"]
[SourceTitle "Ajedrez en Madrid"]
[Source "lmi"]
[SourceDate "2017.01.24"]

1. e4 d6 2. d4 Nf6 3. Nc3 Nbd7 4. Nf3 e5 5. Bc4 Be7 6. a4 c6 7. O-O h6 8. Re1
Qc7 9. a5 Nf8 10. h3 g5 11. Nh2 Ng6 12. Nf1 Nf4 13. Ng3 Rg8 14. Nf5 Rg6 15. Bf1
Bd7 16. Be3 Bf8 17. f3 h5 18. Qd2 Bxf5 19. exf5 Rg8 20. Bxf4 gxf4 21. dxe5 dxe5
22. Qxf4 Bc5+ 23. Kh1 O-O-O 24. Qxe5 Qxe5 25. Rxe5 Bd6 26. Ree1 Bb4 27. Bd3 h4
28. Re2 Nh5 29. Ne4 Nf4 30. Rf2 Nxd3 31. cxd3 Rxd3 32. Rc2 Rgd8 33. a6 R8d5 34.
axb7+ Kxb7 35. Kg1 Rxf5 36. Rac1 Rfd5 37. Rxc6 Bd2 38. Nxd2 Rxd2 39. Rc7+ Kb6
40. R7c2 f5 41. Kf1 a5 42. Ke1 R2d4 43. Re2 f4 44. Kf2 Rd2 45. Rc2 R2d4 46. Rc8
Rd2 47. Rh8 Kb5 48. Rxh4 R2d4 49. Rh8 a4 50. h4 Kc4 51. h5 Rd6 52. h6 Rd8 53.
Rxd8 Rxd8 54. Re4+ Kb3 55. Rxf4 Rh8 56. Rh4 Kxb2 57. Rxa4 Rxh6 58. g4 1-0

[Event "Gibraltar Chess Festival 2017 - Masters"]
[Site "Gibraltar ENG"]
[Date "2017.01.31"]
[Round "8.105"]
[White "Gamboa Alvarado, Olga Leticia"]
[Black "Lochte, Thomas"]
[Result "0-1"]
[WhiteElo "1913"]
[BlackElo "2070"]
[PlyCount "46"]
[EventDate "2017.01.24"]
[EventType "swiss"]
[EventRounds "10"]
[EventCountry "ENG"]
[SourceTitle "Ajedrez en Madrid"]
[Source "lmi"]
[SourceDate "2017.01.24"]

1. d4 Nf6 2. Nc3 d5 3. Bg5 c5 4. e3 e6 5. f4 cxd4 6. exd4 Qa5 7. Bd3 Nc6 8.
Nge2 Qb6 9. f5 Be7 10. fxe6 fxe6 11. Qd2 O-O 12. O-O-O Bd7 13. h4 Na5 14. g4
Bb4 15. a3 Ne4 16. Bxe4 Nc4 17. Bxh7+ Kxh7 18. Qd3+ Kg8 19. axb4 Qxb4 20. Rdf1
Qxb2+ 21. Kd1 Qa1+ 22. Nc1 Nb2+ 23. Kd2 Nxd3 0-1

[Event "Gibraltar Chess Festival 2017 - Masters"]
[Site "Gibraltar ENG"]
[Date "2017.01.31"]
[Round "8.106"]
[White "Christophe-Hayot, Romain"]
[Black "Kandic, Milan"]
[Result "0-1"]
[WhiteElo "1784"]
[BlackElo "2061"]
[PlyCount "82"]
[EventDate "2017.01.24"]
[EventType "swiss"]
[EventRounds "10"]
[EventCountry "ENG"]
[SourceTitle "Ajedrez en Madrid"]
[Source "lmi"]
[SourceDate "2017.01.24"]

1. d4 d6 2. Nc3 Nf6 3. e4 e5 4. dxe5 dxe5 5. Qxd8+ Kxd8 6. Bg5 c6 7. Nf3 Bd6 8.
O-O-O Ke7 9. Rd2 Be6 10. Be2 Nbd7 11. Rhd1 Bb4 12. Kb1 h6 13. Rxd7+ Bxd7 14.
Bh4 Bxc3 15. bxc3 g5 16. Bg3 Nxe4 17. Kb2 Nxg3 18. hxg3 f6 19. Nd2 Be6 20. c4
Rad8 21. c3 f5 22. f3 h5 23. Kc1 h4 24. g4 fxg4 25. fxg4 h3 26. gxh3 Rxh3 27.
Ne4 Rxd1+ 28. Kxd1 Rh4 29. Nf2 Rh2 30. Ne4 Rh1+ 31. Kc2 Ra1 32. Nxg5 Rxa2+ 33.
Kd1 Ra1+ 34. Kc2 Rg1 35. Nf3 Rxg4 36. Nxe5 Rg2 37. Kd3 a5 38. Bf3 a4 39. Bxg2
a3 40. Bxc6 a2 41. Bxb7 a1=Q 0-1

[Event "Gibraltar Chess Festival 2017 - Masters"]
[Site "Gibraltar ENG"]
[Date "2017.01.31"]
[Round "8.107"]
[White "Ford, Clifton P"]
[Black "Eagleton, Greg T"]
[Result "0-1"]
[WhiteElo "1781"]
[BlackElo "2055"]
[PlyCount "42"]
[EventDate "2017.01.24"]
[EventType "swiss"]
[EventRounds "10"]
[EventCountry "ENG"]
[SourceTitle "Ajedrez en Madrid"]
[Source "lmi"]
[SourceDate "2017.01.24"]

1. d4 Nf6 2. c4 g6 3. Nc3 Bg7 4. e4 d6 5. f4 O-O 6. Nf3 Na6 7. Be2 c5 8. d5 Nc7
9. O-O a6 10. a4 Rb8 11. a5 b5 12. axb6 Rxb6 13. h3 e6 14. e5 Nfe8 15. exd6
Nxd6 16. Na4 Rb8 17. Nxc5 exd5 18. cxd5 Nf5 19. Ne5 Nxd5 20. Bxa6 Qd6 21. b4
Rxb4 0-1

[Event "Gibraltar Chess Festival 2017 - Masters"]
[Site "Gibraltar ENG"]
[Date "2017.01.31"]
[Round "8.108"]
[White "Seyfried, Claus"]
[Black "Burke, Mitchell R"]
[Result "1/2-1/2"]
[WhiteElo "2152"]
[BlackElo "1975"]
[PlyCount "60"]
[EventDate "2017.01.24"]
[EventType "swiss"]
[EventRounds "10"]
[EventCountry "ENG"]
[SourceTitle "Ajedrez en Madrid"]
[Source "lmi"]
[SourceDate "2017.01.24"]

1. e4 g6 2. d4 Bg7 3. Nc3 c5 4. dxc5 Bxc3+ 5. bxc3 Nc6 6. Be3 Qa5 7. Qd2 Nf6 8.
f3 O-O 9. Bc4 b6 10. cxb6 axb6 11. Ne2 Ne5 12. Bb3 Ba6 13. O-O Rfc8 14. Rfd1
Nc4 15. Bxc4 Bxc4 16. Nc1 d5 17. e5 Nd7 18. Bd4 Nc5 19. Nd3 Bxd3 20. cxd3 Ne6
21. Qb2 Nxd4 22. cxd4 Rc3 23. Rd2 Rac8 24. Rb1 Qa4 25. Qxb6 Rc1+ 26. Rxc1 Rxc1+
27. Kf2 Rc2 28. Rxc2 Qxc2+ 29. Kg3 e6 30. Qd8+ Kg7 1/2-1/2

[Event "Gibraltar Chess Festival 2017 - Masters"]
[Site "Gibraltar ENG"]
[Date "2017.01.31"]
[Round "8.109"]
[White "Obiamiwe, Paul"]
[Black "Haussernot, Cecile"]
[Result "1-0"]
[WhiteElo "1926"]
[BlackElo "2108"]
[PlyCount "87"]
[EventDate "2017.01.24"]
[EventType "swiss"]
[EventRounds "10"]
[EventCountry "ENG"]
[SourceTitle "Ajedrez en Madrid"]
[Source "lmi"]
[SourceDate "2017.01.24"]

1. Nf3 c5 2. c4 e6 3. Nc3 Nc6 4. g3 d5 5. cxd5 exd5 6. d4 Bg4 7. Bg2 Nf6 8. Bg5
Be7 9. dxc5 d4 10. Bxf6 gxf6 11. Ne4 f5 12. Nd6+ Bxd6 13. cxd6 Qxd6 14. O-O
O-O-O 15. Rc1 Kb8 16. Qb3 Rd7 17. Rfd1 Qe6 18. Qb5 d3 19. Rxc6 Qxe2 20. Re1
Bxf3 21. Rxe2 Rd5 22. Rc5 dxe2 23. Bxf3 e1=Q+ 24. Kg2 a6 25. Qb6 Rd7 26. Rc3
Qe6 27. Qb4 Ka7 28. Rb3 Rc8 29. h4 b6 30. Re3 Qc4 31. Qa3 Qc5 32. b4 Qc1 33.
Qa4 b5 34. Qb3 Qc4 35. Qb2 Rg8 36. Rc3 Qe6 37. Qc1 Qe5 38. Rc5 Qd6 39. Qe3 Qb6
40. Qc1 Rgd8 41. Rc6 Rd1 42. Qc3 R1d3 43. Qf6 R8d6 44. Rxb6 1-0

[Event "Gibraltar Chess Festival 2017 - Masters"]
[Site "Gibraltar ENG"]
[Date "2017.01.31"]
[Round "8.110"]
[White "Carlsten, Peter"]
[Black "Miracola, Giorgia"]
[Result "1-0"]
[WhiteElo "2047"]
[BlackElo "1924"]
[PlyCount "81"]
[EventDate "2017.01.24"]
[EventType "swiss"]
[EventRounds "10"]
[EventCountry "ENG"]
[SourceTitle "Ajedrez en Madrid"]
[Source "lmi"]
[SourceDate "2017.01.24"]

1. e4 g6 2. d4 Bg7 3. Nc3 c5 4. Nf3 Qa5 5. Be3 Nf6 6. Qd2 cxd4 7. Nxd4 a6 8. f3
O-O 9. O-O-O Nc6 10. Kb1 Qc7 11. g4 Rd8 12. h4 Nxd4 13. Bxd4 d6 14. g5 Nh5 15.
Nd5 Qb8 16. Bb6 Rd7 17. Bf2 b5 18. Nb6 Rd8 19. Nxa8 Qxa8 20. Bb6 Rd7 21. Bh3
Rb7 22. Bd4 Bxh3 23. Bxg7 Kxg7 24. Rxh3 Qc8 25. Rh2 b4 26. Rc1 Qb8 27. Qd4+ Kg8
28. Rd2 Nf4 29. Qe3 Ne6 30. Rh1 Ng7 31. Re1 a5 32. Qd3 Ne6 33. Rh1 Nf4 34. Qe3
Nh5 35. Rhd1 Rb5 36. Rd5 a4 37. e5 Rxd5 38. Rxd5 Qb7 39. Rd3 d5 40. e6 f6 41.
Qd4 1-0

[Event "Gibraltar Chess Festival 2017 - Masters"]
[Site "Gibraltar ENG"]
[Date "2017.01.31"]
[Round "8.111"]
[White "Fomani, Medhi"]
[Black "Cramling Bellon, Anna"]
[Result "1/2-1/2"]
[WhiteElo "2042"]
[BlackElo "1954"]
[PlyCount "93"]
[EventDate "2017.01.24"]
[EventType "swiss"]
[EventRounds "10"]
[EventCountry "ENG"]
[SourceTitle "Ajedrez en Madrid"]
[Source "lmi"]
[SourceDate "2017.01.24"]

1. d4 d5 2. c4 e6 3. cxd5 exd5 4. Nc3 c6 5. Nf3 Nf6 6. e3 Bf5 7. Bd3 Bxd3 8.
Qxd3 Nbd7 9. O-O Be7 10. a3 a5 11. Re1 O-O 12. e4 dxe4 13. Nxe4 Nxe4 14. Qxe4
Re8 15. Bd2 Nf6 16. Qc2 Qc7 17. Rac1 Bd6 18. h3 Nd5 19. Ng5 g6 20. Nf3 f6 21.
Qb3 Kg7 22. Qa4 Rxe1+ 23. Rxe1 b5 24. Qc2 a4 25. Rc1 Rc8 26. Qe4 Nb6 27. Ba5
Qb7 28. Bxb6 Qxb6 29. Qe6 Qd8 30. d5 c5 31. Nd4 Qe8 32. Qxd6 cxd4 33. Rc6 d3
34. Qxf6+ Kg8 35. Qc3 Rxc6 36. dxc6 d2 37. Qxd2 Qxc6 38. Qd8+ Kf7 39. Qd4 Qc1+
40. Kh2 Qc7+ 41. g3 Qc2 42. h4 h5 43. Kg2 Qc6+ 44. Kg1 Qc1+ 45. Kh2 Qc2 46.
Qf4+ Ke6 47. Qd4 1/2-1/2

[Event "Gibraltar Chess Festival 2017 - Masters"]
[Site "Gibraltar ENG"]
[Date "2017.01.31"]
[Round "8.112"]
[White "Robson, Paul E"]
[Black "Suez-Panama, Gilles"]
[Result "0-1"]
[WhiteElo "1897"]
[BlackElo "2010"]
[PlyCount "46"]
[EventDate "2017.01.24"]
[EventType "swiss"]
[EventRounds "10"]
[EventCountry "ENG"]
[SourceTitle "Ajedrez en Madrid"]
[Source "lmi"]
[SourceDate "2017.01.24"]

1. e4 e6 2. d4 d5 3. Nd2 Nc6 4. Ngf3 Nf6 5. e5 Nd7 6. c3 f6 7. Bb5 Be7 8. Qa4
Nb6 9. Qc2 Bd7 10. exf6 Bxf6 11. Nb3 a6 12. Bd3 Qe7 13. Bxh7 O-O-O 14. Bd3 e5
15. dxe5 Nxe5 16. Nxe5 Bxe5 17. Be3 Nc4 18. Qe2 Nxe3 19. Qxe3 Bg4 20. Kd2 d4
21. Qe4 dxc3+ 22. bxc3 Qg5+ 23. Kc2 Rxd3 0-1